[Event "NW Regional Scholastic Championships"]
[Site "Chess.com"]
[Date "2020.05.16"]
[Round "?"]
[White "sharvee"]
[Black "dkuo2"]
[Result "1-0"]
[WhiteElo "1253"]
[BlackElo "816"]
[PlyCount "59"]
[EventDate "2020.??.??"]

1. e4 e5 2. Nf3 Nc6 3. Bc4 Nf6 4. d3 Bc5 5. O-O d6 6. Nc3 O-O 7. Bg5 Bg4 8. Nd5
Nd4 9. Nxf6+ gxf6 10. Bh6 Nxf3+ 11. gxf3 Bh3 12. Bxf8 Qxf8 13. Kh1 Qg7 14. Rg1
Qg2+ 15. Rxg2+ Bxg2+ 16. Kxg2 Kh8 17. Qh1 Rg8+ 18. Kf1 a6 19. Bxf7 Rf8 20. Bh5
Rg8 21. Ke2 Bb4 22. Rg1 Rg7 23. Rxg7 Kxg7 24. Qg2+ Kh8 25. Qg4 f5 26. Qxf5 h6
27. Qf8+ Kh7 28. Qf7+ Kh8 29. Bg6 Bc3 30. Qh7# 1-0

[Event "NW Regional Scholastic Championships"]
[Site "Chess.com"]
[Date "2020.05.16"]
[Round "?"]
[White "Lyancd"]
[Black "AlexaBattleAngel"]
[Result "1-0"]
[WhiteElo "1225"]
[BlackElo "1146"]
[PlyCount "65"]
[EventDate "2020.??.??"]

1. e4 Nf6 2. e5 Nd5 3. d4 e6 4. Nf3 g6 5. c4 Nb6 6. a4 d5 7. cxd5 Nxd5 8. Bc4
c6 9. Nc3 Bb4 10. Bd2 Nxc3 11. bxc3 Bf8 12. Bg5 Be7 13. Bh6 Nd7 14. Qb3 c5 15.
d5 Nb6 16. Bb5+ Bd7 17. Bxd7+ Qxd7 18. d6 c4 19. Qb5 Qxb5 20. axb5 Bd8 21. O-O
f6 22. Bg7 Rg8 23. exf6 Nd5 24. Ng5 h6 25. f7+ Kd7 26. fxg8=Q hxg5 27. Qf7+
Kxd6 28. Bf8+ Ne7 29. Rfd1+ Kc7 30. Bxe7 Bxe7 31. Qxe7+ Kb6 32. Qxe6+ Kxb5 33.
Rd5# 1-0

[Event "NW Regional Scholastic Championships"]
[Site "Chess.com"]
[Date "2020.05.16"]
[Round "?"]
[White "AlexaBattleAngel"]
[Black "caldon46"]
[Result "1-0"]
[WhiteElo "1146"]
[BlackElo "1200"]
[PlyCount "85"]
[EventDate "2020.??.??"]

1. Nf3 d5 2. d4 Nf6 3. g3 Nc6 4. Bg2 e6 5. O-O Bd6 6. Nc3 a6 7. b3 O-O 8. Bb2
Re8 9. Re1 Nb8 10. Nd2 c5 11. dxc5 Bxc5 12. Rf1 Nc6 13. e4 h6 14. exd5 Nxd5 15.
Nxd5 exd5 16. Nf3 Bf5 17. Rc1 Qd7 18. Nd4 Bh3 19. Nxc6 bxc6 20. c4 d4 21. Bxh3
Qxh3 22. Bxd4 Bxd4 23. Qxd4 Rad8 24. Qb6 Re2 25. Qxd8+ Kh7 26. Qd3+ g6 27. Qxe2
c5 28. Qe7 Kg7 29. Qxc5 Qe6 30. Qd4+ Kh7 31. Rfe1 Qg4 32. Qxg4 Kg7 33. Qd7 a5
34. Re7 Kf8 35. Qd8+ Kg7 36. Qe8 Kf6 37. Qxf7+ Kg5 38. f4+ Kg4 39. Qxg6+ Kf3
40. Qe4+ Kg4 41. Re5 h5 42. Qe2+ Kh3 43. Rxh5# 1-0

[Event "NW Regional Scholastic Championships"]
[Site "Chess.com"]
[Date "2020.05.16"]
[Round "?"]
[White "kingcat99"]
[Black "JacksonCompton"]
[Result "0-1"]
[WhiteElo "1200"]
[BlackElo "1628"]
[PlyCount "43"]
[EventDate "2020.??.??"]

1. e4 e5 2. Nc3 Nf6 3. Nf3 Bb4 4. Bc4 Nc6 5. O-O O-O 6. d3 h6 7. a3 Ba5 8. b4
Bb6 9. b5 Na5 10. Bd2 Nxc4 11. dxc4 d6 12. a4 c6 13. a5 Bc7 14. b6 axb6 15.
axb6 Rxa1 16. bxc7 Rxd1 17. Rxd1 Qxc7 18. Rb1 Bg4 19. Ne1 Ra8 20. Rb2 Ra1 21.
g3 Bh3 22. f4 0-1

[Event "NW Regional Scholastic Championships"]
[Site "Chess.com"]
[Date "2020.05.16"]
[Round "?"]
[White "lucag2010"]
[Black "exoticmagnet1"]
[Result "1-0"]
[WhiteElo "1135"]
[BlackElo "731"]
[PlyCount "57"]
[EventDate "2020.??.??"]

1. d4 d5 2. c4 dxc4 3. e3 Nf6 4. Bxc4 e6 5. Nf3 Nc6 6. Nc3 Bd6 7. O-O O-O 8. e4
e5 9. Be3 exd4 10. Nxd4 Nxd4 11. Bxd4 Re8 12. Re1 Ng4 13. h3 Nh6 14. Qh5 Bb4
15. Rad1 Kh8 16. Bxg7+ Kxg7 17. Rxd8 Rxd8 18. Qg5+ Kf8 19. Qxd8+ Kg7 20. Qg5+
Kf8 21. Qxh6+ Ke7 22. Nd5+ Ke8 23. Nxb4 c5 24. Nd5 Be6 25. Nc7+ Kd7 26. Nxa8
Bxc4 27. Qxh7 a6 28. Nb6+ Kc6 29. Nxc4 1-0

[Event "NW Regional Scholastic Championships"]
[Site "Chess.com"]
[Date "2020.05.16"]
[Round "?"]
[White "aeaa15"]
[Black "ChessAlliance"]
[Result "1/2-1/2"]
[WhiteElo "1242"]
[BlackElo "1362"]
[PlyCount "131"]
[EventDate "2020.??.??"]

1. e4 e5 2. Nf3 Nc6 3. d4 exd4 4. Bc4 Nf6 5. O-O Bc5 6. Bf4 O-O 7. Nbd2 d6 8.
Qe2 Re8 9. Rae1 Bg4 10. h3 Bh5 11. Qd3 Ne5 12. Bxe5 dxe5 13. c3 dxc3 14. bxc3
Qxd3 15. Bxd3 Rad8 16. Bc4 c6 17. Nb3 Bb6 18. Ng5 h6 19. Nf3 Ba5 20. Nxa5 b5
21. Be2 Rd6 22. Nb7 Rd7 23. Nc5 Rd6 24. Nd3 Bxf3 25. gxf3 Nh5 26. f4 exf4 27.
e5 Rg6+ 28. Kh2 Rg5 29. Bxh5 Rxh5 30. Nxf4 Rhxe5 31. Rxe5 Rxe5 32. Rg1 Rc5 33.
Ne2 Re5 34. Nd4 Rc5 35. Rc1 b4 36. Nb3 Rxc3 37. Rxc3 bxc3 38. Nd4 c5 39. Nb3 c4
40. Nd4 Kf8 41. Kg3 Ke7 42. Kf3 Kd6 43. Ke3 Kd5 44. Nc2 Kc5 45. Ke4 Kb5 46. Kd4
Ka4 47. Kxc4 g5 48. Kxc3 f5 49. Nd4 f4 50. f3 h5 51. Ne6 g4 52. hxg4 hxg4 53.
Nxf4 g3 54. Ng2 Ka3 55. Kd2 Kxa2 56. Ke3 a5 57. f4 a4 58. f5 a3 59. f6 Kb2 60.
f7 a2 61. f8=Q a1=Q 62. Qb4+ Ka2 63. Qa4+ Kb2 64. Qxa1+ Kxa1 65. Kf3 Kb2 66.
Kxg3 1/2-1/2

[Event "NW Regional Scholastic Championships"]
[Site "Chess.com"]
[Date "2020.05.16"]
[Round "?"]
[White "ImportantBranch"]
[Black "aeaa15"]
[Result "1-0"]
[WhiteElo "1200"]
[BlackElo "1242"]
[PlyCount "129"]
[EventDate "2020.??.??"]

1. e4 c5 2. Nf3 Nc6 3. Bc4 e6 4. Nc3 Nf6 5. d4 cxd4 6. Nxd4 Bc5 7. Nxc6 bxc6 8.
O-O O-O 9. Bg5 d6 10. Qf3 e5 11. Qg3 Be6 12. Bxe6 fxe6 13. Bh6 Rf7 14. Be3 Nh5
15. Qh3 Nf4 16. Bxf4 exf4 17. Qxe6 Qc7 18. Ne2 Qe7 19. Qxe7 Rxe7 20. Nxf4 Rf7
21. Nd3 Re8 22. Nxc5 dxc5 23. f3 h6 24. Rfd1 Kh7 25. Rd6 Rc7 26. Rad1 g6 27.
Rd7+ Rxd7 28. Rxd7+ Kg8 29. Rxa7 Kf8 30. Rd7 Re7 31. Rd6 Rc7 32. Rxg6 h5 33.
Rh6 Kg7 34. Rxh5 c4 35. Rc5 Kf6 36. Rxc4 Ke5 37. b4 Kf4 38. b5 c5 39. b6 Rc6
40. b7 Rb6 41. Rxc5 Rxb7 42. a4 Ra7 43. a5 Ke3 44. h4 Kd4 45. Rd5+ Kc3 46. h5
Kxc2 47. h6 Rh7 48. a6 Rxh6 49. a7 Rh8 50. Ra5 Ra8 51. e5 Kd3 52. e6 Kc4 53. e7
Kb4 54. Ra1 Kb3 55. e8=Q Rxe8 56. a8=Q Rxa8 57. Rxa8 Kb4 58. Rc8 Kb3 59. f4 Kb2
60. f5 Ka1 61. f6 Ka2 62. Rb8 Ka1 63. f7 Ka2 64. f8=Q Ka1 65. Qa3# 1-0

[Event "NW Regional Scholastic Championships"]
[Site "Chess.com"]
[Date "2020.05.16"]
[Round "?"]
[White "aeaa15"]
[Black "kingcat99"]
[Result "1-0"]
[WhiteElo "1242"]
[BlackElo "1200"]
[PlyCount "52"]
[EventDate "2020.??.??"]

1. e4 e5 2. Nf3 Nc6 3. d4 d6 4. Bc4 a6 5. dxe5 dxe5 6. Qxd8+ Kxd8 7. Bxf7 Nf6
8. Bd5 Bb4+ 9. c3 Bd6 10. O-O Bg4 11. Bg5 Bxf3 12. Bxf6+ gxf6 13. gxf3 Bc5 14.
b4 Nxb4 15. cxb4 Bd4 16. Bxb7 Bxa1 17. Bxa8 Kd7 18. Bd5 c6 19. Bb3 Bc3 20. Nxc3
Kd6 21. Rd1+ Kc7 22. Kg2 Kb6 23. Rd6 h5 24. Rxf6 h4 25. Bd5 h3+ 26. Kg3 Rg8+
1-0

[Event "NW Regional Scholastic Championships"]
[Site "Chess.com"]
[Date "2020.05.16"]
[Round "?"]
[White "aeaa15"]
[Black "ethanc509"]
[Result "0-1"]
[WhiteElo "1242"]
[BlackElo "1323"]
[PlyCount "66"]
[EventDate "2020.??.??"]

1. e4 e6 2. d4 d5 3. exd5 exd5 4. Nf3 Nf6 5. Bg5 Be7 6. Bd3 O-O 7. O-O Nc6 8.
Nbd2 Bg4 9. Bxf6 Bxf6 10. Re1 Nxd4 11. c3 Nc6 12. Qc2 h6 13. b4 d4 14. b5 dxc3
15. Ne4 Nb4 16. Nxf6+ Qxf6 17. Qe2 Bxf3 18. Qxf3 Qxf3 19. gxf3 Nxd3 20. Red1
Rad8 21. Rac1 Nxc1 22. Rxc1 Rd3 23. Kg2 Rfd8 24. Kg3 R8d5 25. a4 Rc5 26. Kf4 c2
27. Ke4 Rd1 28. Rxd1 cxd1=Q 29. Kf4 Qd4+ 30. Kg3 Rg5+ 31. Kh3 Qf4 32. b6 Qxf3+
33. Kh4 Qg4# 0-1

[Event "NW Regional Scholastic Championships"]
[Site "Chess.com"]
[Date "2020.05.16"]
[Round "?"]
[White "caldon46"]
[Black "janlorenz"]
[Result "1-0"]
[WhiteElo "1200"]
[BlackElo "1085"]
[PlyCount "59"]
[EventDate "2020.??.??"]

1. d4 d5 2. c4 e6 3. Nc3 Nf6 4. Bg5 Be7 5. e3 O-O 6. Nf3 h6 7. Bh4 Nc6 8. a3 b6
9. cxd5 exd5 10. Bd3 Ng4 11. Bxe7 Qxe7 12. O-O Nxe3 13. fxe3 Qxe3+ 14. Kh1 Nxd4
15. Nxd4 Qxd4 16. Bh7+ Kxh7 17. Qxd4 c5 18. Qxd5 Be6 19. Qe4+ f5 20. Qxe6 Rf6
21. Qd5 Raf8 22. Rae1 f4 23. Qe4+ g6 24. Nd5 Rf5 25. Rxf4 Rxf4 26. Nxf4 Rxf4
27. Qxf4 c4 28. Qf7+ Kh8 29. Re7 c3 30. Qg7# 1-0

[Event "NW Regional Scholastic Championships"]
[Site "Chess.com"]
[Date "2020.05.16"]
[Round "?"]
[White "ChessAlliance"]
[Black "portland_potter"]
[Result "0-1"]
[WhiteElo "1362"]
[BlackElo "1274"]
[PlyCount "56"]
[EventDate "2020.??.??"]

1. c4 Nf6 2. Nc3 e6 3. g3 Bb4 4. Bg2 O-O 5. Nf3 Nc6 6. O-O d5 7. cxd5 exd5 8.
a3 Ba5 9. b4 Bb6 10. d3 Nd4 11. Nxd4 Bxd4 12. Bd2 Be6 13. e3 Be5 14. d4 Bd6 15.
e4 dxe4 16. Nxe4 Nxe4 17. Bxe4 Qf6 18. Bc3 Qh6 19. Bxb7 Rab8 20. Bg2 Bh3 21.
Qf3 Bxg2 22. Qxg2 Qf6 23. Rfe1 c5 24. bxc5 Bxc5 25. dxc5 Qxc3 26. Rec1 Qf6 27.
Qf1 Rfc8 28. Qa6 Qxa6 0-1

[Event "NW Regional Scholastic Championships"]
[Site "Chess.com"]
[Date "2020.05.16"]
[Round "?"]
[White "portland_potter"]
[Black "ImportantBranch"]
[Result "0-1"]
[WhiteElo "1274"]
[BlackElo "1200"]
[PlyCount "116"]
[EventDate "2020.??.??"]

1. e4 e6 2. d4 d5 3. Nc3 Nc6 4. exd5 exd5 5. Bb5 Bb4 6. Bd2 Bd7 7. Nxd5 Nxd4 8.
Bxd7+ Qxd7 9. Nxc7+ Qxc7 10. c3 Qc6 11. cxd4 Bxd2+ 12. Qxd2 Qxg2 13. Qe2+ Ne7
14. Qf3 Qxf3 15. Nxf3 O-O 16. O-O-O Rac8+ 17. Kb1 Nf5 18. Rc1 Rxc1+ 19. Rxc1
Rd8 20. b3 g6 21. Rd1 Kg7 22. d5 Ne7 23. d6 Nf5 24. d7 Kf6 25. a4 h6 26. Kc2
Ke6 27. Kc3 Rxd7 28. Rxd7 Kxd7 29. Kc4 Nd6+ 30. Kd5 a6 31. Ne5+ Ke7 32. b4 b5
33. axb5 axb5 34. Nc6+ Kd7 35. Ne5+ Kc7 36. Kc5 g5 37. Nf3 f5 38. Nd4 Ne4+ 39.
Kxb5 Nxf2 40. Nxf5 h5 41. Kc5 Ne4+ 42. Kb5 Nd6+ 43. Nxd6 Kxd6 44. Ka5 Kc6 45.
b5+ Kb7 46. b6 h4 47. Kb4 g4 48. Kc3 g3 49. hxg3 hxg3 50. Kc4 g2 51. Kc5 g1=Q+
52. Kd6 Qxb6+ 53. Kd7 Qc6+ 54. Kd8 Qc7+ 55. Ke8 Qg7 56. Kd8 Kc6 57. Ke8 Kd6 58.
Kd8 Qh8# 0-1

[Event "NW Regional Scholastic Championships"]
[Site "Chess.com"]
[Date "2020.05.16"]
[Round "?"]
[White "vihan8110610"]
[Black "portland_potter"]
[Result "1/2-1/2"]
[WhiteElo "1135"]
[BlackElo "1274"]
[PlyCount "67"]
[EventDate "2020.??.??"]

1. e4 c5 2. Nf3 d6 3. Bc4 e6 4. c3 Nc6 5. O-O Nf6 6. Re1 e5 7. Ng5 Be6 8. Nxe6
fxe6 9. Bxe6 Qe7 10. Bc4 O-O-O 11. Bb5 Qc7 12. Bxc6 Qxc6 13. Qe2 Qd7 14. c4 Qg4
15. Qxg4+ Nxg4 16. h3 Nf6 17. d3 Be7 18. Nc3 h6 19. Be3 g5 20. g4 Nd7 21. Nd5
Rde8 22. Nxe7+ Rxe7 23. a3 Rg7 24. b4 h5 25. f3 hxg4 26. hxg4 Rgh7 27. Bxg5
Rh1+ 28. Kg2 R8h2+ 29. Kg3 Rh3+ 30. Kg2 R1h2+ 31. Kg1 Rh1+ 32. Kg2 R3h2+ 33.
Kg3 Rh3+ 34. Kg2 1/2-1/2

[Event "NW Regional Scholastic Championships"]
[Site "Chess.com"]
[Date "2020.05.16"]
[Round "?"]
[White "caldon46"]
[Black "knightseu"]
[Result "0-1"]
[WhiteElo "1200"]
[BlackElo "1244"]
[PlyCount "44"]
[EventDate "2020.??.??"]

1. d4 d5 2. c4 c6 3. Nf3 Nf6 4. Nc3 Bf5 5. cxd5 cxd5 6. Qb3 e6 7. Qxb7 Nbd7 8.
e3 Bd6 9. Bb5 O-O 10. Bxd7 Nxd7 11. O-O Nf6 12. h3 Ne4 13. a3 Qf6 14. Nxe4 Bxe4
15. Nh2 Qg6 16. f3 Bd3 17. Rd1 Be2 18. Rd2 Bd3 19. Qc6 Rfd8 20. Qc3 Ba6 21. b4
Qg3 22. Ng4 Qe1# 0-1

[Event "NW Regional Scholastic Championships"]
[Site "Chess.com"]
[Date "2020.05.16"]
[Round "?"]
[White "knightseu"]
[Black "ethanc509"]
[Result "1-0"]
[WhiteElo "1244"]
[BlackElo "1323"]
[PlyCount "41"]
[EventDate "2020.??.??"]

1. e4 e6 2. d4 d5 3. e5 c5 4. c3 Nc6 5. Nf3 Qb6 6. Bd3 cxd4 7. cxd4 Bd7 8. Bc2
Bb4+ 9. Nc3 Nge7 10. O-O O-O 11. Ng5 Ng6 12. Qh5 h6 13. Nf3 Nce7 14. a3 Bxc3
15. bxc3 Rac8 16. Bxh6 gxh6 17. Qxh6 Nf5 18. Bxf5 exf5 19. Ng5 Rfe8 20. Qh7+
Kf8 21. Qxf7# 1-0

[Event "NW Regional Scholastic Championships"]
[Site "Chess.com"]
[Date "2020.05.16"]
[Round "?"]
[White "JacksonCompton"]
[Black "knightseu"]
[Result "1-0"]
[WhiteElo "1628"]
[BlackElo "1244"]
[PlyCount "85"]
[EventDate "2020.??.??"]

1. e4 e5 2. Nf3 Nc6 3. Bb5 Bc5 4. O-O Nf6 5. Re1 d6 6. c3 O-O 7. d4 Bb6 8. h3
exd4 9. cxd4 Re8 10. Nc3 a6 11. Ba4 Bd7 12. Bg5 h6 13. Bh4 g5 14. Bg3 Qc8 15.
Qd3 Ba5 16. Bb3 Nb4 17. Qd1 d5 18. Ne5 dxe4 19. Bxf7+ Kg7 20. Bxe8 Bxe8 21.
Nxe4 Nbd5 22. Nxf6 Bxe1 23. Nxd5 Ba5 24. Rc1 c6 25. Ne7 Qe6 26. N7xc6 bxc6 27.
Qb3 Qf5 28. Qb7+ Kg8 29. Qxa8 Kf8 30. Rxc6 Qb1+ 31. Kh2 Qxb2 32. Re6 Qb5 33.
Rxh6 Kg7 34. Rxa6 Bf7 35. Nxf7 Kxf7 36. Rxa5 Qb4 37. Ra6 Qb5 38. Be5 Qb4 39.
Ra7+ Ke6 40. Qe8+ Kd5 41. Ra4 Qb6 42. Qf7+ Ke4 43. Qf3# 1-0

[Event "NW Regional Scholastic Championships"]
[Site "Chess.com"]
[Date "2020.05.16"]
[Round "?"]
[White "knightseu"]
[Black "Lyancd"]
[Result "1-0"]
[WhiteElo "1244"]
[BlackElo "1225"]
[PlyCount "75"]
[EventDate "2020.??.??"]

1. e4 e6 2. d4 d5 3. e5 c5 4. c3 Nc6 5. Nf3 Qb6 6. Bd3 Bd7 7. Bc2 Nge7 8. O-O
Nf5 9. Nbd2 cxd4 10. cxd4 Nfxd4 11. Nb3 Nxc2 12. Qxc2 Rc8 13. Be3 Nb4 14. Qxc8+
Bxc8 15. Bxb6 axb6 16. Rac1 Bd7 17. a3 Nd3 18. Rc7 Bc6 19. Nbd4 Kd8 20. Rxf7
Ke8 21. Rc7 Kd8 22. Nxe6+ Ke8 23. b4 h5 24. Ned4 Kd8 25. Rf7 Ke8 26. e6 Bd6 27.
Nf5 Bb8 28. Nxg7+ Kd8 29. e7+ Kc8 30. Rf8+ Kd7 31. e8=Q+ Kd6 32. Qd8+ Bd7 33.
Qxb8+ Ke7 34. Qd8+ Kd6 35. Rxh8 Kc6 36. Rh6+ Kb5 37. Qxd7+ Ka6 38. Qa4# 1-0

[Event "NW Regional Scholastic Championships"]
[Site "Chess.com"]
[Date "2020.05.16"]
[Round "?"]
[White "HermioneGranger100"]
[Black "AidanVH"]
[Result "1-0"]
[WhiteElo "1000"]
[BlackElo "1200"]
[PlyCount "121"]
[EventDate "2020.??.??"]

1. e4 e6 2. d4 d5 3. exd5 exd5 4. Nf3 Nf6 5. Nc3 Bf5 6. Bd3 Bxd3 7. Qxd3 Nbd7
8. O-O c5 9. Re1+ Be7 10. Qe3 Ng8 11. dxc5 Nf8 12. Qe5 Ne6 13. Nxd5 Bxc5 14.
Nf4 Bd6 15. Qxg7 Qf6 16. Qxf6 Nxf6 17. Nxe6 fxe6 18. Rxe6+ Be7 19. Bg5 Kf7 20.
Rae1 Rhe8 21. Bxf6 Bxf6 22. Rxe8 Rxe8 23. Rxe8 Kxe8 24. b3 Ke7 25. Kf1 Ke6 26.
Ke2 Kd5 27. Kd3 Bd8 28. Nd2 Bc7 29. h3 Bb6 30. f3 Kd6 31. Nc4+ Kc6 32. Nxb6
Kxb6 33. Kd4 Kc6 34. Kc4 b5+ 35. Kd4 Kd6 36. g4 Ke6 37. Ke4 Kf6 38. Kd5 Kg5 39.
Ke5 a5 40. f4+ Kg6 41. Ke6 h6 42. f5+ Kg7 43. Ke7 Kg8 44. f6 Kh7 45. f7 Kg6 46.
f8=Q Kg5 47. Qg7+ Kh4 48. Qxh6+ Kg3 49. g5 Kf4 50. g6+ Kf5 51. g7 Ke5 52. g8=Q
Kf5 53. Qf6+ Ke4 54. Qg4+ Ke3 55. Qe5+ Kd2 56. Qee2+ Kc3 57. Qd3+ Kb2 58. Qg7+
Kc1 59. Qdc3 Kd1 60. Qg4+ Kc1 61. Qg1# 1-0

[Event "NW Regional Scholastic Championships"]
[Site "Chess.com"]
[Date "2020.05.16"]
[Round "?"]
[White "AidanVH"]
[Black "sharvee"]
[Result "0-1"]
[WhiteElo "1200"]
[BlackElo "1253"]
[PlyCount "86"]
[EventDate "2020.??.??"]

1. e4 e5 2. Nf3 Nc6 3. Bc4 Bc5 4. c3 Nf6 5. d4 exd4 6. cxd4 Bb4+ 7. Bd2 Bxd2+
8. Nbxd2 O-O 9. d5 Na5 10. e5 Nxc4 11. Nxc4 Nh5 12. O-O d6 13. Nd4 dxe5 14.
Nxe5 Qxd5 15. Nef3 Qd8 16. Qd3 Nf6 17. Rfd1 Bg4 18. Qe3 Qc8 19. h3 Re8 20. Qd3
Bh5 21. Rd2 Bg6 22. Qc3 Ne4 23. Qe3 Nxd2 24. Qxd2 c5 25. Nb3 Rd8 26. Qc3 b6 27.
Re1 Rd3 28. Qe5 h6 29. Qe2 Qb7 30. Ne5 Rd6 31. Qb5 a6 32. Qe2 Re8 33. f4 f6 34.
Qg4 fxe5 35. fxe5 Rde6 36. h4 Bc2 37. Re2 Bd1 38. Kf2 Bxe2 39. Qxe2 Rxe5 40.
Qc4+ Kh8 41. g3 Rf8+ 42. Kg1 Re1+ 43. Kh2 Qh1# 0-1

[Event "NW Regional Scholastic Championships"]
[Site "Chess.com"]
[Date "2020.05.16"]
[Round "?"]
[White "tattvache"]
[Black "ethanc509"]
[Result "0-1"]
[WhiteElo "989"]
[BlackElo "1323"]
[PlyCount "114"]
[EventDate "2020.??.??"]

1. e4 e6 2. Nf3 d5 3. exd5 exd5 4. d4 Nf6 5. Nc3 Bd6 6. Qe2+ Be6 7. Bg5 O-O 8.
Bxf6 Qxf6 9. O-O-O Re8 10. Qb5 Nd7 11. Qxb7 Nb6 12. Qa6 Bg4 13. Qd3 Bxf3 14.
Qxf3 Qxf3 15. gxf3 Bf4+ 16. Kb1 Re6 17. Bh3 Rf6 18. Bg4 Bd6 19. Nb5 Bf4 20. Nc3
Rb8 21. Ne2 Bd6 22. h3 c5 23. dxc5 Bxc5 24. Rhf1 g6 25. a3 h5 26. b4 Bd6 27.
Bxh5 gxh5 28. Rg1+ Rg6 29. Rxg6+ fxg6 30. c3 Be5 31. Kb2 Rd8 32. Nd4 Bxd4 33.
Rxd4 Nc4+ 34. Kb3 Ne5 35. f4 Nc6 36. Rd3 d4 37. cxd4 Rxd4 38. Rxd4 Nxd4+ 39.
Kc4 Nc2 40. b5 Nxa3+ 41. Kc5 Kf7 42. Kc6 Kf6 43. f3 Kf5 44. b6 axb6 45. Kxb6
Kxf4 46. Kc5 Kxf3 47. Kd4 Kg3 48. Ke3 Kxh3 49. Kf2 g5 50. Kg1 Kg3 51. Kh1 g4
52. Kg1 h4 53. Kh1 Kf2 54. Kh2 g3+ 55. Kh1 g2+ 56. Kh2 g1=Q+ 57. Kh3 Qg3# 0-1

[Event "NW Regional Scholastic Championships"]
[Site "Chess.com"]
[Date "2020.05.16"]
[Round "?"]
[White "MxC2031"]
[Black "Lyancd"]
[Result "0-1"]
[WhiteElo "1311"]
[BlackElo "1225"]
[PlyCount "228"]
[EventDate "2020.??.??"]

1. e4 e6 2. Nf3 d5 3. Nc3 dxe4 4. Nxe4 Nc6 5. d4 Nge7 6. Bd3 Nxd4 7. Nxd4 c6 8.
Nf3 Nf5 9. O-O Qd5 10. Bg5 h6 11. Bf6 c5 12. Bb5+ Bd7 13. Bxd7+ Qxd7 14. Qxd7+
Kxd7 15. Rad1+ Ke8 16. Be5 h5 17. h3 b6 18. Rd3 c4 19. Rd2 Bc5 20. Nxc5 bxc5
21. Rfd1 Ne7 22. Bc7 Nd5 23. Be5 Rg8 24. Bc3 Ne7 25. Ne5 f6 26. Nxc4 Nd5 27.
Nd6+ Ke7 28. Nf5+ Ke8 29. Ne3 Ne7 30. Ba5 Nc6 31. Bc7 Rc8 32. Bd6 Nd4 33. Bxc5
Nb5 34. Bb4 f5 35. Nxf5 exf5 36. Re2+ Kf7 37. Rd7+ Kf6 38. Be7+ Kg6 39. Bh4
Rge8 40. Rxe8 Rxe8 41. Rd8 Re4 42. g3 Kh6 43. Rh8+ Kg6 44. f3 Re2 45. c4 Nd4
46. Ra8 Nxf3+ 47. Kf1 Rxb2 48. Rxa7 Kh6 49. Ra6+ Kh7 50. c5 g5 51. Ra7+ Kg8 52.
Ra8+ Kf7 53. Ra7+ Ke6 54. c6 Rc2 55. g4 Nxh4 56. gxh5 Rxc6 57. h6 Ng6 58. h7
Rc8 59. Ra6+ Kf7 60. Ra7+ Kf6 61. Ke2 Re8+ 62. Kd3 Re7 63. Ra6+ Kg7 64. h8=Q+
Nxh8 65. a4 f4 66. Ra5 Kf6 67. Ra6+ Kf5 68. Ra5+ Kf6 69. Ra6+ Kf7 70. Ra5 Kg6
71. Ra6+ Kh5 72. Rb6 f3 73. Rb1 f2 74. Rf1 Ra7 75. Rxf2 Rxa4 76. Rh2 Ra3+ 77.
Ke4 Kh4 78. Rc2 Kxh3 79. Rc6 Ra4+ 80. Kf3 Rf4+ 81. Ke3 Rh4 82. Rc3 Rg4 83. Kf2+
Kh2 84. Kf1 Rg3 85. Rc7 Rf3+ 86. Ke1 Rf7 87. Rc2+ Kh3 88. Rc3+ Kg4 89. Ke2 Ng6
90. Ke3 Rf3+ 91. Kd2 Rxc3 92. Kxc3 Kf3 93. Kd2 g4 94. Ke1 Ke3 95. Kf1 Kf3 96.
Kg1 Kg3 97. Kh1 Kf2 98. Kh2 g3+ 99. Kh3 Nf4+ 100. Kg4 g2 101. Kxf4 g1=Q 102.
Ke5 Qg4 103. Kd5 Qf4 104. Ke6 Qg5 105. Kd6 Qf5 106. Kc6 Qe5 107. Kb7 Qd6 108.
Ka7 Qc6 109. Kb8 Qd7 110. Ka8 Ke3 111. Kb8 Kd4 112. Ka8 Kc5 113. Kb8 Kb6 114.
Ka8 Qc8# 0-1

[Event "NW Regional Scholastic Championships"]
[Site "Chess.com"]
[Date "2020.05.16"]
[Round "?"]
[White "HermioneGranger100"]
[Black "MxC2031"]
[Result "0-1"]
[WhiteElo "1000"]
[BlackElo "1311"]
[PlyCount "46"]
[EventDate "2020.??.??"]

1. e4 e5 2. Nf3 Nf6 3. Nxe5 d6 4. Nf3 Nxe4 5. d3 Nf6 6. Nc3 Nc6 7. Qe2+ Be7 8.
Bg5 O-O 9. O-O-O Re8 10. g3 Ng4 11. Bxe7 Rxe7 12. Qd2 Nce5 13. Nxe5 Nxe5 14.
Bg2 Be6 15. Bxb7 Rb8 16. Bg2 Qc8 17. d4 Nc4 18. Qg5 f6 19. Qh4 Rxb2 20. Be4 f5
21. Qxe7 fxe4 22. Nxe4 Rb1+ 23. Kxb1 Qb7+ 0-1

[Event "NW Regional Scholastic Championships"]
[Site "Chess.com"]
[Date "2020.05.16"]
[Round "?"]
[White "Minaivanovic"]
[Black "MxC2031"]
[Result "0-1"]
[WhiteElo "1115"]
[BlackElo "1311"]
[PlyCount "84"]
[EventDate "2020.??.??"]

1. c4 e5 2. Nc3 Nf6 3. g3 Nc6 4. Bg2 Bd6 5. d3 O-O 6. Nf3 Nd4 7. Nxd4 exd4 8.
Nb5 Bb4+ 9. Bd2 Bxd2+ 10. Qxd2 a6 11. Nxd4 d6 12. O-O Bd7 13. Bxb7 Rb8 14. Bxa6
c6 15. Rac1 Qb6 16. c5 dxc5 17. Nf3 Qxa6 18. Rxc5 Qxa2 19. Rc2 Qd5 20. d4 Qb3
21. Rb1 Bf5 22. Rxc6 Bxb1 23. Rc3 Qxb2 24. Qxb2 Rxb2 25. e3 Be4 26. Kg2 g5 27.
h3 h5 28. Rc5 g4 29. Rg5+ Kh7 30. hxg4 hxg4 31. Re5 Bxf3+ 32. Kh2 Rxf2+ 33. Kg1
Rg2+ 34. Kf1 Rxg3 35. Kf2 Rg2+ 36. Kf1 g3 37. Rf5 Rf2+ 38. Kg1 Kg6 39. Rc5 Ne4
40. Rc6+ Kg7 41. Rc1 Rh8 42. Rf1 Rh1# 0-1

[Event "NW Regional Scholastic Championships"]
[Site "Chess.com"]
[Date "2020.05.16"]
[Round "?"]
[White "tedwpnw"]
[Black "supersam777"]
[Result "1-0"]
[WhiteElo "1565"]
[BlackElo "1374"]
[PlyCount "117"]
[EventDate "2020.??.??"]

1. e4 e5 2. Nf3 Nc6 3. Bc4 Bc5 4. c3 Nf6 5. d4 exd4 6. cxd4 Bb4+ 7. Bd2 Bxd2+
8. Nbxd2 Nxe4 9. Nxe4 d5 10. Qe2 dxe4 11. Qxe4+ Qe7 12. Qxe7+ Nxe7 13. Ne5 O-O
14. O-O Be6 15. Bxe6 fxe6 16. Rfe1 Nf5 17. Rad1 Rad8 18. Re4 c5 19. Nf3 e5 20.
d5 Rfe8 21. Rxe5 Rxe5 22. Nxe5 Ne7 23. d6 Nf5 24. d7 Kf8 25. g3 Ke7 26. f4 Nd4
27. Kf2 Nc6 28. Nxc6+ bxc6 29. Ke3 Rxd7 30. Rxd7+ Kxd7 31. Ke4 Ke6 32. h4 g6
33. g4 h6 34. f5+ gxf5+ 35. gxf5+ Kf6 36. Kf4 a5 37. a4 c4 38. Ke4 c5 39. Kf4
h5 40. Ke4 Kg7 41. Ke5 Kf7 42. f6 Kf8 43. Kf5 Kf7 44. Kg5 Kf8 45. Kxh5 Kf7 46.
Kg5 Kf8 47. Kg6 Kg8 48. f7+ Kf8 49. h5 c3 50. bxc3 c4 51. h6 Ke7 52. Kg7 Kd6
53. f8=Q+ Ke5 54. Qc5+ Ke4 55. Qxc4+ Kf3 56. h7 Ke3 57. h8=Q Kf3 58. Qh3+ Kf2
59. Qcf1# 1-0

[Event "NW Regional Scholastic Championships"]
[Site "Chess.com"]
[Date "2020.05.16"]
[Round "?"]
[White "subramanyamsripada"]
[Black "wjkang"]
[Result "0-1"]
[WhiteElo "1475"]
[BlackElo "975"]
[PlyCount "116"]
[EventDate "2020.??.??"]

1. d4 e5 2. dxe5 Nc6 3. Nf3 Qe7 4. Nc3 Nxe5 5. Nxe5 Qxe5 6. g3 Bb4 7. Bd2 Bxc3
8. Bxc3 Qe4 9. Bxg7 Qxh1 10. Bxh8 d6 11. Bc3 Bh3 12. Kd2 Qd5+ 13. Ke3 Qc5+ 14.
Bd4 Qg5+ 15. f4 Qe7+ 16. Kf3 Bxf1 17. Qxf1 c5 18. Bc3 d5 19. Kf2 d4 20. Bd2
O-O-O 21. Qh3+ Kb8 22. Re1 Nf6 23. Qh4 Ne4+ 24. Kg1 Qxh4 25. gxh4 Nxd2 26. Rd1
Ne4 27. Kg2 Rg8+ 28. Kf3 Nf6 29. h3 Re8 30. Rg1 Re3+ 31. Kf2 Ne4+ 32. Ke1 c4
33. a3 Ng3 34. Rg2 d3 35. cxd3 cxd3 36. Kd2 Rxe2+ 37. Rxe2 dxe2 38. b3 Kc7 39.
b4 Kd6 40. a4 Kd5 41. b5 Ke4 42. a5 Kf3 43. Ke1 Kxf4 44. a6 bxa6 45. bxa6 Kf3
46. h5 h6 47. h4 f5 48. Kd2 Kf2 49. Kc3 e1=Q+ 50. Kd4 Qe3+ 51. Kd5 Qe4+ 52. Kd6
Ke3 53. Kc7 Qd5 54. Kc8 Qf7 55. Kd8 Kd4 56. Kc8 Kc5 57. Kd8 Kc6 58. Kc8 Qc7#
0-1

[Event "NW Regional Scholastic Championships"]
[Site "Chess.com"]
[Date "2020.05.16"]
[Round "?"]
[White "wjkang"]
[Black "sharvee"]
[Result "0-1"]
[WhiteElo "975"]
[BlackElo "1253"]
[PlyCount "94"]
[EventDate "2020.??.??"]

1. e4 e5 2. Nf3 Nc6 3. Bc4 Bc5 4. Nc3 d6 5. d3 Bg4 6. h3 Bh5 7. g4 Bg6 8. h4 h6
9. Be3 Bxe3 10. fxe3 Nf6 11. g5 Nh5 12. d4 Ng3 13. Rg1 Nxe4 14. dxe5 Nxc3 15.
bxc3 Nxe5 16. Nxe5 dxe5 17. gxh6 Qxh4+ 18. Kf1 Qxc4+ 19. Kf2 Rxh6 20. Rb1 Rh2+
21. Kg3 Bxc2 22. Qc1 Bxb1 23. Kxh2 Qxa2+ 24. Kg3 Bg6 25. Qf1 O-O-O 26. Qh3+ Qe6
27. Qh2 Qf6 28. Qh3+ Bf5 29. Qh2 Qg6+ 30. Kf2 Rd2+ 31. Ke1 Rxh2 32. Rxg6 fxg6
33. Kf1 a5 34. Kg1 Ra2 35. Kf1 a4 36. Ke1 a3 37. Kd1 Ra1+ 38. Kd2 a2 39. c4 Rh1
40. Ke2 a1=Q 41. Kf3 Qd1+ 42. Kg3 Rh3+ 43. Kf2 Qd2+ 44. Kg1 Qxe3+ 45. Kg2 Rg3+
46. Kh2 Qf3 47. c5 Qg2# 0-1